Trích xuất dữ liệu thu nhập từ biểu mẫu thống kê sang cơ sở dữ liệu quan hệ : Luận văn Thạc sĩ. Ngành Hệ thống thông tin
Đề tài nghiên cứu cách trích xuất dữ liệu thu nhập từ biểu mẫu thống kê sang cơ sở dữ liệu quan hệ
Αποθηκεύτηκε σε:
| Κύριος συγγραφέας: | |
|---|---|
| Μορφή: | Βιβλίο |
| Γλώσσα: | Undetermined |
| Έκδοση: |
Cần Thơ
Trường Đại học Cần Thơ
2016
|
| Θέματα: | |
| Ετικέτες: |
Προσθήκη ετικέτας
Δεν υπάρχουν, Καταχωρήστε ετικέτα πρώτοι!
|
| Thư viện lưu trữ: | Trung tâm Học liệu Trường Đại học Cần Thơ |
|---|
| LEADER | 01043nam a2200217Ia 4500 | ||
|---|---|---|---|
| 001 | CTU_215937 | ||
| 008 | 210402s9999 xx 000 0 und d | ||
| 082 | |a 005.756 | ||
| 082 | |b Y254 | ||
| 088 | |a 60480104 | ||
| 100 | |a Nguyễn, Thị Hồng Yến | ||
| 245 | 0 | |a Trích xuất dữ liệu thu nhập từ biểu mẫu thống kê sang cơ sở dữ liệu quan hệ : | |
| 245 | 0 | |b Luận văn Thạc sĩ. Ngành Hệ thống thông tin | |
| 245 | 0 | |c Nguyễn Thị Hồng Yến ; Trương Quốc Định (Cán bộ hướng dẫn) | |
| 260 | |a Cần Thơ | ||
| 260 | |b Trường Đại học Cần Thơ | ||
| 260 | |c 2016 | ||
| 520 | |a Đề tài nghiên cứu cách trích xuất dữ liệu thu nhập từ biểu mẫu thống kê sang cơ sở dữ liệu quan hệ | ||
| 650 | |a Cơ sở dữ liệu quan hệ,Relational databases | ||
| 904 | |i Nguyên | ||
| 980 | |a Trung tâm Học liệu Trường Đại học Cần Thơ | ||